000 01124nab a22002657a 4500
999 _c5690
_d5690
003 OSt
005 20251227003325.0
008 190603e xxum|||| |||| 00| 0 spa d
040 _cPJ
100 _94795
_aTambussi, Carlos E.
245 1 0 _aA diez años :
_bCódigo Civil y Comercial y derechos del consumidor /
_cCarlos E. Tambussi.
260 _cCiudad Autónoma de Buenos Aires :
_aThomson Reuters La Ley,
_b2025.
300 _ap. 268-278
500 _aCita: TR LALEY AR/DOC/1764/2025 Publicado en: RCCyC 2025 (agosto).
505 _aSumario: I. Exordio.— II. Conclusión.
505 _t¿Te interesa el texto completo? Solicitalo al correo: koha@justierradelfuego.gov.ar
650 0 _91497
_aCODIGO CIVIL Y COMERCIAL
650 0 _92608
_aDERECHOS DEL CONSUMIDOR
650 0 _92597
_aDEFENSA DEL CONSUMIDOR
650 0 _95417
_aCONTRATOS DE CONSUMO
650 0 _9755
_aCONTROL DE CONSTITUCIONALIDAD
650 0 _92602
_aPUBLICIDAD ENGAÑOSA
773 0 _02713
_93170
_dCiudad Autónoma de Buenos Aires : Thomson Reuters La Ley, 2015-
_tRevista Código Civil y Comercial. Nº 4 - Agosto 2025
942 _2udc
_cANA